Normal view
MARC view
Entry Personal Name
001 - CONTROL NUMBER
- control field: 60292
003 - CONTROL NUMBER IDENTIFIER
- control field: OSt
005 - DATE AND TIME OF LATEST TRANSACTION
- control field: 20260428112601.0
008 - FIXED-LENGTH DATA ELEMENTS
- fixed length control field: 260428|| aca||aabn | a|a d
040 ## - CATALOGING SOURCE
- Original cataloging agency: OSt
- Transcribing agency: OSt
100 ## - HEADING--PERSONAL NAME
- Personal name: Patel, Shivangi and Mishra, Paro
670 ## - SOURCE DATA FOUND
- Source citation: Work cat.: (OSt): Patel, Shivangi and Mishra, Paro, Stratified ageing: A critical analysis of market-based care institutions for older adults in INDIA
